[Event "SVK-chT4 A21 1920"]
[Site "Slovakia"]
[Date "2020.02.09"]
[Round "8.5"]
[White "Kupkovic, Miroslav"]
[Black "Drabek, Martin"]
[Result "0-1"]
[WhiteElo "1733"]
[BlackElo "1364"]
[PlyCount "112"]
[EventDate "2019.10.13"]
[EventType "team-tourn"]
[EventRounds "11"]
[EventCountry "SVK"]
[SourceTitle "CBM 195 Extra"]
[Source "ChessBase"]
[SourceDate "2020.05.31"]
[SourceVersion "1"]
[SourceVersionDate "2020.05.31"]
[SourceQuality "1"]
[WhiteTeam "Chtelnica Kamenar"]
[BlackTeam "Skalica III"]
[WhiteTeamCountry "SVK"]
[BlackTeamCountry "SVK"]

1. Nf3 d6 2. g3 Bf5 3. Bg2 c6 4. 0-0 Nf6 5. d3 h6 6. e4 Bh7 7. e5 dxe5 8. Nxe5 e6 9. a4 Bd6 10. Nc4 0-0 11. Nxd6 Qxd6 12. b3 Qd4 13. Ra2 Nbd7 14. a5 a6 15. Bb2 Qg4 16. Bf3 Qf5 17. Qe2 Rfe8 18. Nd2 Qc5 19. Nc4 Nd5 20. Be4 Bxe4 21. dxe4 N5f6 22. Rd1 Red8 23. Ba3 Qb5 24. Be7 Re8 25. Ba3 Ne5 26. Qe1 Nxc4 27. bxc4 Qxc4 28. e5 Qxa2 29. Qb4 Nd5 30. Qc5 Rad8 31. c4 Nc3 32. Rxd8 Rxd8 33. Qe7 Qb1+ 34. Kg2 Qe4+ 35. Kh3 Qf5+ 36. Kg2 Rd2 37. Bc5 Ne4 38. Be3 Rxf2+ 39. Bxf2 Qxf2+ 40. Kh3 Ng5+ 41. Kh4 Qxh2+ 42. Kg4 Qh3+ 43. Kf4 Qf5+ 44. Ke3 Qxe5+ 45. Kd3 Qxg3+ 46. Kc2 Qf2+ 47. Kb3 Qf5 48. Kb4 h5 49. Ka4 h4 50. Qxb7 Qc2+ 51. Ka3 Qxc4 52. Qc8+ Kh7 53. Qc7 h3 54. Qg3 Kg6 55. Qh2 Qg4 56. Qc2+ Qe4 0-1

[Event "SVK-chT4 A21 1920"]
[Site "Slovakia"]
[Date "2019.11.10"]
[Round "3.4"]
[White "Kupkovic, Miroslav"]
[Black "Madzo, Anton"]
[Result "1-0"]
[WhiteElo "1733"]
[BlackElo "1466"]
[PlyCount "87"]
[EventDate "2019.10.13"]
[EventType "team-tourn"]
[EventRounds "11"]
[EventCountry "SVK"]
[SourceTitle "CBM 193 Extra"]
[Source "ChessBase"]
[SourceDate "2020.01.31"]
[SourceVersion "1"]
[SourceVersionDate "2020.01.31"]
[SourceQuality "1"]
[WhiteTeam "Chtelnica Kamenar"]
[BlackTeam "Vrbove II"]
[WhiteTeamCountry "SVK"]
[BlackTeamCountry "SVK"]

1. d4 Nf6 2. Nf3 e6 3. c4 d5 4. g3 b6 5. a3 Bb7 6. Nc3 Be7 7. Bg2 0-0 8. cxd5 Nxd5 9. Nxd5 Bxd5 10. 0-0 Nd7 11. Re1 Rb8 12. e4 Bb7 13. Bf4 Rc8 14. Qe2 Re8 15. e5 Bd5 16. Nd2 Bxg2 17. Kxg2 c5 18. d5 Bg5 19. d6 Bxf4 20. gxf4 Qh4 21. Qf3 f5 22. Re3 Qg4+ 23. Qg3 h5 24. h3 Qxg3+ 25. fxg3 Kh7 26. Rc1 Rg8 27. h4 b5 28. Nb1 Nb6 29. Rd1 Rgd8 30. b3 Rd7 31. Nd2 Kg8 32. Nf3 Nd5 33. Ree1 Nc3 34. Rc1 Ne4 35. Nd4 Kf7 36. Nxb5 Rb8 37. a4 a6 38. Nc3 Nd2 39. Nb1 Nxb1 40. Rxb1 Rdb7 41. Rec1 Rc8 42. Rc4 Rb4 43. Rbc1 Rxc4 44. Rxc4 1-0

[Event "SVK-chT4A21 1314"]
[Site "Slovakia"]
[Date "2014.02.23"]
[Round "9.3"]
[White "Kupkovic, Miroslav"]
[Black "Bajcar, Pavol"]
[Result "1/2-1/2"]
[WhiteElo "1726"]
[BlackElo "1745"]
[PlyCount "107"]
[EventDate "2013.10.06"]
[EventType "team-tourn"]
[EventRounds "11"]
[EventCountry "SVK"]
[SourceTitle "EXT 2022"]
[Source "ChessBase"]
[SourceDate "2021.10.06"]
[SourceVersion "1"]
[SourceVersionDate "2021.10.06"]
[SourceQuality "1"]
[WhiteTeam "Chtelnica Kamenar"]
[BlackTeam "Vrbove III"]
[WhiteTeamCountry "SVK"]
[BlackTeamCountry "SVK"]

1. d4 e6 2. c4 d5 3. Nf3 b6 4. g3 dxc4 5. Qa4+ Nd7 6. Qxc4 Bb7 7. Bg2 Ngf6 8. 0-0 Be7 9. Nfd2 Bxg2 10. Kxg2 0-0 11. Rd1 Qc8 12. Qc6 Rd8 13. Nc3 Nf8 14. Nc4 Qd7 15. Ne5 Qc8 16. Nc4 Ne8 17. Ne4 Nd6 18. Ncxd6 cxd6 19. Qxc8 Raxc8 20. Bd2 d5 21. Nc3 Bb4 22. a3 Bxc3 23. Bxc3 Rc6 24. Rac1 Rdc8 25. Kf3 Nd7 26. Ke3 Nf6 27. f3 Ne8 28. Kd3 Nd6 29. b3 Kf8 30. Bb2 Ke7 31. Rxc6 Rxc6 32. Rc1 Kd7 33. Rxc6 Kxc6 34. Bc1 a6 35. Bb2 b5 36. Bc3 Nb7 37. Bd2 a5 38. Kc3 Nd6 39. Bf4 Nf5 40. Bd2 b4+ 41. axb4 axb4+ 42. Kd3 Kb5 43. Be1 Ne7 44. Bd2 Nc6 45. Be1 f6 46. Bd2 Kb6 47. Be1 Kc7 48. Bd2 Kd7 49. Be1 h6 50. Bd2 h5 51. Be1 Ke7 52. Bd2 Kf7 53. Be1 g6 54. Bd2 1/2-1/2

[Event "SVK-chT4A21 1213"]
[Site "Slovakia"]
[Date "2013.02.03"]
[Round "8.3"]
[White "Kupkovic, Miroslav"]
[Black "Jarabek, Milan"]
[Result "1/2-1/2"]
[WhiteElo "1799"]
[BlackElo "1663"]
[PlyCount "98"]
[EventDate "2012.10.14"]
[EventType "team-tourn"]
[EventRounds "11"]
[EventCountry "SVK"]
[SourceTitle "EXT 2022"]
[Source "ChessBase"]
[SourceDate "2021.10.06"]
[SourceVersion "1"]
[SourceVersionDate "2021.10.06"]
[SourceQuality "1"]
[WhiteTeam "Chtelnica Kamenar"]
[BlackTeam "Skalica III"]
[WhiteTeamCountry "SVK"]
[BlackTeamCountry "SVK"]

1. d4 Nf6 2. c4 g6 3. g3 Bg7 4. Bg2 d6 5. Nc3 0-0 6. Nf3 Bg4 7. Qb3 Nbd7 8. h3 Bxf3 9. Bxf3 e5 10. Qxb7 Rb8 11. Qxa7 exd4 12. Qxd4 Nc5 13. Qd1 Qd7 14. Bg2 Rfe8 15. Rb1 Qf5 16. Be3 Rxe3 17. fxe3 Nfe4 18. Nxe4 Nxe4 19. Bxe4 Qxe4 20. Kf2 Qf5+ 21. Kg2 Qe4+ 22. Kf2 Qf5+ 23. Kg2 Qe4+ 24. Kh2 Qxe3 25. Rf1 Be5 26. Rf3 Qg5 27. Qd5 Rf8 28. Rbf1 h5 29. Kg2 c6 30. Qxc6 f5 31. Qd5+ Kg7 32. c5 h4 33. g4 fxg4 34. Rxf8 gxh3+ 35. Kh1 Qg3 36. Rg8+ Kh6 37. Qd2+ Kh7 38. e4 Kxg8 39. Qd5+ Kh7 40. Qf7+ Kh6 41. Qf8+ Kh5 42. Qf3+ Kh6 43. Qxg3 hxg3 44. Rc1 g2+ 45. Kg1 Bd4+ 46. Kh2 Kh5 47. c6 Kh4 48. Rd1 Be3 49. c7 Bf4+ 1/2-1/2

[Event "SVK-chT4A21 1213"]
[Site "Slovakia"]
[Date "2012.12.16"]
[Round "5.2"]
[White "Kupkovic, Miroslav"]
[Black "Ocko, Martin"]
[Result "0-1"]
[WhiteElo "1799"]
[BlackElo "1661"]
[PlyCount "44"]
[EventDate "2012.10.14"]
[EventType "team-tourn"]
[EventRounds "11"]
[EventCountry "SVK"]
[SourceTitle "EXT 2022"]
[Source "ChessBase"]
[SourceDate "2021.10.06"]
[SourceVersion "1"]
[SourceVersionDate "2021.10.06"]
[SourceQuality "1"]
[WhiteTeam "Chtelnica Kamenar"]
[BlackTeam "Senica CVC II"]
[WhiteTeamCountry "SVK"]
[BlackTeamCountry "SVK"]

1. d4 Nf6 2. c4 g6 3. g3 Bg7 4. Bg2 0-0 5. Nc3 d6 6. h3 Nbd7 7. Bg5 c5 8. dxc5 Nxc5 9. Qd2 a6 10. Bh6 Rb8 11. Bxg7 Kxg7 12. Nf3 b5 13. cxb5 axb5 14. Nd4 Bd7 15. Nc6 Bxc6 16. Bxc6 b4 17. Nd5 Nfe4 18. Qd4+ e5 19. Qc4 b3 20. a4 Qa5+ 21. Nc3 Rb4 22. Qd5 Rd4 0-1